000 00812nam a2200265Ia 4500
003 OSt
005 20220924122510.0
006 a|||||r|||| 00| 0
007 ta
008 220923b |||||||| |||| 00| 0 per d
020 _a9780415779135 (hbk)
020 _c5160
024 _a242455
037 _b1545, 07/06/2010, Channel Publications
_cTextual
040 _aARTS
_cARTS
_bper
041 _2per
_aper
082 _aO164,1G53:g(Q), 111Q0
100 _aGabbay Alyssa
_9189687
245 0 _aIslamic tolerance
_b Amir Khusraw and pluralism
260 _aLondon
_bRoutledge UK
_c2010
300 _a2010
_ccm.
650 _aENGLISH LITERATURE
942 _hO164,1G53:g(Q), 111Q0
_cTEXL
_2CC
999 _c411864
_d411864